Educación Sexual: un enfoque cristiano
সংরক্ষণ করুন:
| প্রধান লেখক: | |
|---|---|
| বিন্যাস: | গ্রন্থ |
| ভাষা: | স্প্যানিশ |
| প্রকাশিত: |
Santiago
Andres Bello
1995
|
| সংস্করন: | 2a. ed |
| বিষয়গুলি: | |
| ট্যাগগুলো: |
ট্যাগ যুক্ত করুন
কোনো ট্যাগ নেই, প্রথমজন হিসাবে ট্যাগ করুন!
|
MARC
| LEADER | 00000nam a2200000 a 4500 | ||
|---|---|---|---|
| 001 | UCH6454 | ||
| 003 | CL-VaPUC | ||
| 008 | 091109e19950000CL |||||||||||||||||spa|d | ||
| 020 | |a 9561312654 | ||
| 082 | 0 | 4 | |a 612.6 |b STE |2 21 |
| 100 | 0 | |a Stevens M., Karin |e author |9 542989 | |
| 245 | 1 | 0 | |a Educación Sexual: un enfoque cristiano |
| 250 | |a 2a. ed | ||
| 300 | |a 40 p | ||
| 942 | |c BK | ||
| 945 | |d 20091109 00:00:00 |a ccalabra | ||
| 260 | |a Santiago |b Andres Bello |c 1995 | ||
| 650 | 0 | |a Educación |9 258661 | |
| 650 | 0 | |a Educación sexual |9 308005 | |
| 650 | 0 | |a Cristianismo |9 257361 | |
| 650 | 0 | |a Vida cristiana |9 258753 | |
| 650 | 0 | |a Reproducción humana |9 257469 | |
| 650 | 0 | |a Gestación |9 344858 | |
| 650 | 0 | |a Sexualidad |9 358183 | |
| 650 | 0 | |a Catolicismo |9 258690 | |
| 583 | |a last modification |c 20091109 00:00:00 |k Rodrigo Vera | ||
| 999 | |c 337337 |d 337335 | ||